| 000 | 00000cam 2200000zi 4500 |
| 001 | 9.963027 |
| 003 | CaOODSP |
| 005 | 20260601172933 |
| 006 | m o d f |
| 007 | cr mn||||||||| |
| 008 | 260525s1949 onca o f000 0 eng d |
| 040 | |aCaOODSP|beng|erda|cCaOODSP |
| 043 | |an-cn-ns |
| 086 | 1 |aFs52-3/402E-PDF |
| 100 | 1 |aHuntsman, A. G. |q(Archibald Gowanlock), |d1883-1973 |eauthor. |
| 245 | 10|aFish (salmon) management, 1949 / |cauthor Huntsman, A.G. |
| 246 | 14|aFish (salmon) management volume 42 |
| 246 | 16|aFish (salmon) management volume XLII |
| 250 | |aVolume 42. |
| 264 | 1|a[Ottawa] : |bFisheries Research Board of Canada, |c1949. |
| 300 | |a1 online resource (14 pages) : |billustrations. |
| 336 | |atext|btxt|2rdacontent |
| 337 | |acomputer|bc|2rdamedia |
| 338 | |aonline resource|bcr|2rdacarrier |
| 490 | 1 |aManuscript reports of the biological stations ; |vno. 402 |
| 500 | |aDigitized edition from print [produced by Department of Fisheries and Oceans]. |
| 520 | |a"The following methods are being used in tagging salmon in experiments to determine what proportion of the fish are used. It is particularly important for this purpose to rely upon the tags staying on the fish and upon the tagging not causing their death"--Page [1]. |
| 650 | 0|aSalmon|xMarking|zNova Scotia. |
| 650 | 0|aFish tagging|zNova Scotia. |
| 650 | 6|aSaumons|xMarquage|zNouvelle-Écosse. |
| 650 | 6|aPoissons|xMarquage|zNouvelle-Écosse. |
| 710 | 2 |aFisheries Research Board of Canada, |eissuing body. |
| 830 | #0|aManuscript reports of the biological stations ;|vno. 402.|w(CaOODSP)9.899091 |
| 856 | 40|qPDF|s15.5 MB|uhttps://publications.gc.ca/collections/collection_2026/mpo-dfo/fs52-3/Fs52-3-402-eng.pdf |